000 00656nmm a2200265 a 4500
003 AR-BaBNM
005 20251128211306.0
008 113120s1990 ||||||||||||||000 | spa||
020 _a950-07-0599-0
040 _cAR-BaBNM
100 1 _aWarner, Rex
245 1 0 _aEl joven César
260 _aBuenos Aires
_bSudamericana
_c1990
300 0 _a287 p.
650 4 _aLITERATURA INGLESA
650 4 _aLITERATURA CONTEMPORANEA
650 4 _aBIOGRAFIAS
650 4 _aHISTORIA ANTIGUA
651 4 _aRoma
653 0 _aNOVELA HISTORICA
655 _aLITERATURA
700 1 _aAlvarez de Toledo, Marta
_etraductor
942 _cBK
998 _cmartin
999 _c19027
_d19027